• 首页
  • 本馆介绍
  • 公告通知
  • 最新文献
  • 馆藏检索
  • 电子资源
  • 读者导购
  • 参考咨询
  • 我的图书馆
  • 登录
  • 详细信息显示
  • 放入我的书架
  • 预约/预借图书
  • 作者相关作品
  • 分类相关作品
  • 丛书相关作品
  • 出版社相关作品

书目信息

  • 表格格式
  • 工作单格式
  • 卡片格式
题名:
紫菜爸爸
    
 
作者: 王千马 著
分册:  
出版信息: 桂林   广西师范大学出版社  2019.10
页数: 279页, [1] 页图版
开本: 21cm
丛书名:
单 册:
中图分类: K826.3=74
科图分类:
主题词: 农学家--nong xue jia--传记--中国--现代
电子资源:
ISBN: 978-7-5598-2219-2
000 00877nam0 2200253 450
001 CAL 003888380
005 20230217093113.0
010    @a978-7-5598-2219-2@dCNY48.00
100    @a20191130d2019 em y0chiy0120 ea
101 0  @achi
102    @aCN@b450000
105    @aaf z 000yb
106    @ar
200 1  @a紫菜爸爸@Azi cai ba ba@f王千马著
210    @a桂林@c广西师范大学出版社@d2019.10
215    @a279页, [1] 页图版@c图@d21cm
314    @a王千马, 作家, 资深媒体人。
330    @a本书写的是关于黄广潢的传记。该书共分七章, 内容包括: 序, 引子, 走出莆田, 厦大岁月, 缘定舟山, 热爱生活, 术业专攻, 幕后功臣, 海洋浪潮再起。
600  0 @a黄广潢,@Ahuang guang huang@f?-1988@x传记
606 0  @a农学家@Anong xue jia@x传记@y中国@z现代
690    @aK826.3=74@v5
701  0 @a王千马@Awang qian ma@4著
801  0 @aCN@bBJXHZP@c20230228
905    @b1402167-70@dK826.3=74@e270@f4
    
    紫菜爸爸/王千马著.-桂林:广西师范大学出版社,2019.10
    279页, [1] 页图版:图;21cm
    
    
    ISBN 978-7-5598-2219-2:CNY48.00
    本书写的是关于黄广潢的传记。该书共分七章, 内容包括: 序, 引子, 走出莆田, 厦大岁月, 缘定舟山, 热爱生活, 术业专攻, 幕后功臣, 海洋浪潮再起。
●
相关链接 在E读中查询图书 在五车中查询图书 在当当中查询图书 在豆瓣中查询图书


正题名:紫菜爸爸     索取号:K826.3=74/270         预约/预借

序号 登录号 条形码 馆藏地/架位号 状态 备注
1 1402167   214021672   第二样本阅览室/ [索取号:K826.3=74/270] 在馆    
2 1402168   214021681   第二借阅区/ [索取号:K826.3=74/270] 在馆    
3 1402169   214021690   第二借阅区/ [索取号:K826.3=74/270] 在馆    
4 1402170   214021707   第二借阅区/ [索取号:K826.3=74/270] 在馆    
唐山师范学院图书馆 欢迎您!
大连网信软件有限公司© 版权所有